The Arabian Nights Entertainments (Record no. 229499)
[ view plain ]
| 000 -LEADER | |
|---|---|
| fixed length control field | 02061cam a22003133a 4500 |
| 001 - CONTROL NUMBER | |
| control field | 128 |
| 003 - CONTROL NUMBER IDENTIFIER | |
| control field | PGUSA |
| 005 - DATE AND TIME OF LATEST TRANSACTION | |
| control field | 20140828082944.0 |
| 008 - FIXED-LENGTH DATA ELEMENTS--GENERAL INFORMATION | |
| fixed length control field | 940501s1994||||xxu|||||s|||||000 | eng d |
| 040 ## - CATALOGING SOURCE | |
| Original cataloging agency | PGUSA |
| Language of cataloging | eng |
| 042 ## - AUTHENTICATION CODE | |
| Authentication code | dc |
| 050 #4 - LIBRARY OF CONGRESS CALL NUMBER | |
| Classification number | PJ |
| 050 #4 - LIBRARY OF CONGRESS CALL NUMBER | |
| Classification number | PZ |
| 100 1# - MAIN ENTRY--PERSONAL NAME | |
| Personal name | Lang, Andrew, |
| Dates associated with a name | 1844-1912 |
| 245 14 - TITLE STATEMENT | |
| Title | The Arabian Nights Entertainments |
| Medium | [electronic resource] / |
| Statement of responsibility, etc | Andrew Lang |
| 260 ## - PUBLICATION, DISTRIBUTION, ETC. (IMPRINT) | |
| Name of publisher, distributor, etc | Project Gutenberg, |
| Date of publication, distribution, etc | 1994 |
| 505 0# - FORMATTED CONTENTS NOTE | |
| Formatted contents note | The story of the merchant and the genius -- The story of the first old man and of the hind -- The story of the second old man and of the two black dogs -- The story of the fisherman -- The story of the Greek king and the physician Douban -- The story of the husband and the parrot -- The story of the vizir who was punished -- The story of the young king of the black isles -- The story of the three Calenders, sons of kings, and of five ladies of Bagdad -- The story of the first Calender, son of a king -- The story of the second Calender, son of a king -- The story of the envious man, and of him who was envied -- The story of the third Calendar, son of a king -- The seven voyages of Sindbad the sailor -- The little hunchback -- The story of the barber's fifth brother -- The story of the barber's sixth brother -- The adventures of Prince Camaralzaman and the Princess Badoura -- Noureddin and the fair Persian -- Aladdin and the wonderful lamp -- The adventures of Haroun-al-Raschid, caliph of Bagdad -- Story of the blind Baba-Abdalla -- The story of Sidi-Noumann -- Story of Ali Cogia, merchant of Bagdad -- The enchanted horse -- The story of two sisters who were jealous of their younger sister. |
| 506 ## - RESTRICTIONS ON ACCESS NOTE | |
| Terms governing access | Public domain in the USA. |
| 516 ## - TYPE OF COMPUTER FILE OR DATA NOTE | |
| Type of computer file or data note | Electronic text |
| 653 ## - INDEX TERM--UNCONTROLLED | |
| Uncontrolled term | Children's stories |
| 653 ## - INDEX TERM--UNCONTROLLED | |
| Uncontrolled term | Fairy tales -- Arab countries |
| 653 ## - INDEX TERM--UNCONTROLLED | |
| Uncontrolled term | Folklore -- Arab countries |
| 653 ## - INDEX TERM--UNCONTROLLED | |
| Uncontrolled term | Tales -- Arab countries |
| 653 ## - INDEX TERM--UNCONTROLLED | |
| Uncontrolled term | Fairy tales |
| 653 ## - INDEX TERM--UNCONTROLLED | |
| Uncontrolled term | Arabs -- Folklore |
| 830 #0 - SERIES ADDED ENTRY--UNIFORM TITLE | |
| Uniform title | Project Gutenberg |
| Volume number/sequential designation | 128 |
| 856 40 - ELECTRONIC LOCATION AND ACCESS | |
| Uniform Resource Identifier | <a href="http://www.gutenberg.org/ebooks/128">http://www.gutenberg.org/ebooks/128</a> |
| 942 ## - ADDED ENTRY ELEMENTS (KOHA) | |
| Koha item type | eBooks |
| Withdrawn status | Lost status | Damaged status | Home library | Current library | Date acquired | Total Checkouts | Date last seen | Price effective from | Koha item type |
|---|---|---|---|---|---|---|---|---|---|
| Project Gutenberg | Project Gutenberg | 08/28/2014 | 08/28/2014 | 08/28/2014 | eBooks |